Les hommes en gris
Đã lưu trong:
| Príomhúdar: | |
|---|---|
| Formáid: | Leabhar |
| Teanga: | Undetermined |
| Foilsithe: |
Paris
Robert Laffont
1970
|
| Ábhair: | |
| Clibeanna: |
Cuir Clib Leis
Gan Chlibeanna, Bí ar an gcéad duine leis an taifead seo a chlibeáil!
|
| Thư viện lưu trữ: | Trung tâm Học liệu Trường Đại học Cần Thơ |
|---|
| LEADER | 00443nam a2200181Ia 4500 | ||
|---|---|---|---|
| 001 | CTU_78116 | ||
| 008 | 210402s9999 xx 000 0 und d | ||
| 082 | |a 331.2 | ||
| 082 | |b G262 | ||
| 100 | |a Gattaz, Yvon | ||
| 245 | 0 | |a Les hommes en gris | |
| 245 | 0 | |c Yvon Gattaz | |
| 260 | |a Paris | ||
| 260 | |b Robert Laffont | ||
| 260 | |c 1970 | ||
| 650 | |a Executives | ||
| 650 | |z France | ||
| 980 | |a Trung tâm Học liệu Trường Đại học Cần Thơ | ||